<?xml version="1.0" encoding="UTF-8"?>
<collection xmlns="http://www.loc.gov/MARC21/slim">
 <record>
  <leader>06651cam a2201213   4500</leader>
  <controlfield tag="001">025341995</controlfield>
  <controlfield tag="003">DE-627</controlfield>
  <controlfield tag="005">20240806091356.0</controlfield>
  <controlfield tag="007">tu</controlfield>
  <controlfield tag="008">900116s1989    gw |||||      00| ||ger c</controlfield>
  <datafield tag="015" ind1=" " ind2=" ">
   <subfield code="a">89,N22,0536</subfield>
   <subfield code="2">dnb</subfield>
  </datafield>
  <datafield tag="016" ind1="7" ind2=" ">
   <subfield code="a">890877874</subfield>
   <subfield code="2">DE-101</subfield>
  </datafield>
  <datafield tag="020" ind1=" " ind2=" ">
   <subfield code="a">3925355138</subfield>
   <subfield code="9">3-925355-13-8</subfield>
  </datafield>
  <datafield tag="035" ind1=" " ind2=" ">
   <subfield code="a">(DE-627)025341995</subfield>
  </datafield>
  <datafield tag="035" ind1=" " ind2=" ">
   <subfield code="a">(DE-576)018876234</subfield>
  </datafield>
  <datafield tag="035" ind1=" " ind2=" ">
   <subfield code="a">(DE-599)GBV025341995</subfield>
  </datafield>
  <datafield tag="035" ind1=" " ind2=" ">
   <subfield code="a">(OCoLC)21445641</subfield>
  </datafield>
  <datafield tag="035" ind1=" " ind2=" ">
   <subfield code="a">(OCoLC)831535845</subfield>
  </datafield>
  <datafield tag="035" ind1=" " ind2=" ">
   <subfield code="a">(OCoLC)21445641</subfield>
  </datafield>
  <datafield tag="035" ind1=" " ind2=" ">
   <subfield code="a">(AT-OBV)AC00093427</subfield>
  </datafield>
  <datafield tag="040" ind1=" " ind2=" ">
   <subfield code="a">DE-627</subfield>
   <subfield code="b">ger</subfield>
   <subfield code="c">DE-627</subfield>
   <subfield code="e">rakwb</subfield>
  </datafield>
  <datafield tag="041" ind1=" " ind2=" ">
   <subfield code="a">ger</subfield>
  </datafield>
  <datafield tag="044" ind1=" " ind2=" ">
   <subfield code="c">XA-DE</subfield>
  </datafield>
  <datafield tag="050" ind1=" " ind2="0">
   <subfield code="a">KJA3099</subfield>
  </datafield>
  <datafield tag="050" ind1=" " ind2="0">
   <subfield code="a">DG87</subfield>
  </datafield>
  <datafield tag="082" ind1="0" ind2=" ">
   <subfield code="a">937.06</subfield>
   <subfield code="q">OCLC</subfield>
  </datafield>
  <datafield tag="084" ind1=" " ind2=" ">
   <subfield code="a">63</subfield>
   <subfield code="2">sdnb</subfield>
  </datafield>
  <datafield tag="084" ind1=" " ind2=" ">
   <subfield code="a">63</subfield>
   <subfield code="a">44</subfield>
   <subfield code="2">sdnb</subfield>
  </datafield>
  <datafield tag="084" ind1=" " ind2=" ">
   <subfield code="a">NH 8450</subfield>
   <subfield code="2">rvk</subfield>
   <subfield code="0">(DE-625)rvk/125812:</subfield>
  </datafield>
  <datafield tag="084" ind1=" " ind2=" ">
   <subfield code="a">NH 7701</subfield>
   <subfield code="2">rvk</subfield>
   <subfield code="0">(DE-625)rvk/125782:12245</subfield>
  </datafield>
  <datafield tag="084" ind1=" " ind2=" ">
   <subfield code="a">NF 1060</subfield>
   <subfield code="2">rvk</subfield>
   <subfield code="0">(DE-625)rvk/125187:</subfield>
  </datafield>
  <datafield tag="084" ind1=" " ind2=" ">
   <subfield code="a">15.28</subfield>
   <subfield code="2">bkl</subfield>
  </datafield>
  <datafield tag="084" ind1=" " ind2=" ">
   <subfield code="a">15.19</subfield>
   <subfield code="2">bkl</subfield>
  </datafield>
  <datafield tag="245" ind1="1" ind2="0">
   <subfield code="a">Raumordnung im Römischen Reich</subfield>
   <subfield code="b">zur regionalen Gliederung in den gallischen Provinzen, in Rätien, Noricum und Pannonien ; Kolloquium an der Universität Augsburg anläßlich der 2000-Jahr-Feier der Stadt Augsburg vom 28. bis 29. Oktober 1985</subfield>
   <subfield code="c">hrsg. von Gunther Gottlieb</subfield>
  </datafield>
  <datafield tag="264" ind1=" " ind2="1">
   <subfield code="a">München</subfield>
   <subfield code="b">E. Vögel</subfield>
   <subfield code="c">1989</subfield>
  </datafield>
  <datafield tag="300" ind1=" " ind2=" ">
   <subfield code="a">X, 91 S.</subfield>
   <subfield code="b">graph. Darst.</subfield>
   <subfield code="c">24 cm</subfield>
  </datafield>
  <datafield tag="336" ind1=" " ind2=" ">
   <subfield code="a">Text</subfield>
   <subfield code="b">txt</subfield>
   <subfield code="2">rdacontent</subfield>
  </datafield>
  <datafield tag="337" ind1=" " ind2=" ">
   <subfield code="a">ohne Hilfsmittel zu benutzen</subfield>
   <subfield code="b">n</subfield>
   <subfield code="2">rdamedia</subfield>
  </datafield>
  <datafield tag="338" ind1=" " ind2=" ">
   <subfield code="a">Band</subfield>
   <subfield code="b">nc</subfield>
   <subfield code="2">rdacarrier</subfield>
  </datafield>
  <datafield tag="490" ind1="1" ind2=" ">
   <subfield code="a">Schriften der Philosophischen Fakultäten der Universität Augsburg</subfield>
   <subfield code="v">38</subfield>
   <subfield code="a">Historisch-sozialwissenschaftliche Reihe</subfield>
  </datafield>
  <datafield tag="500" ind1=" " ind2=" ">
   <subfield code="a">Rev. papers of a colloquium sponsored by the Universität Augsburg</subfield>
  </datafield>
  <datafield tag="500" ind1=" " ind2=" ">
   <subfield code="a">Includes bibliographical references</subfield>
  </datafield>
  <datafield tag="650" ind1=" " ind2="0">
   <subfield code="a">Roman provinces</subfield>
   <subfield code="x">Congresses</subfield>
   <subfield code="x">Administration</subfield>
  </datafield>
  <datafield tag="655" ind1=" " ind2="7">
   <subfield code="a">Konferenzschrift</subfield>
   <subfield code="y">1985</subfield>
   <subfield code="z">Augsburg</subfield>
   <subfield code="0">(DE-588)1071861417</subfield>
   <subfield code="0">(DE-627)826484824</subfield>
   <subfield code="0">(DE-576)433375485</subfield>
   <subfield code="2">gnd-content</subfield>
  </datafield>
  <datafield tag="689" ind1="0" ind2="0">
   <subfield code="d">g</subfield>
   <subfield code="0">(DE-588)4019150-3</subfield>
   <subfield code="0">(DE-627)106322486</subfield>
   <subfield code="0">(DE-576)208928235</subfield>
   <subfield code="a">Gallien</subfield>
   <subfield code="2">gnd</subfield>
  </datafield>
  <datafield tag="689" ind1="0" ind2="1">
   <subfield code="d">s</subfield>
   <subfield code="0">(DE-588)4076769-3</subfield>
   <subfield code="0">(DE-627)104826169</subfield>
   <subfield code="0">(DE-576)209202866</subfield>
   <subfield code="a">Römerzeit</subfield>
   <subfield code="2">gnd</subfield>
  </datafield>
  <datafield tag="689" ind1="0" ind2="2">
   <subfield code="d">s</subfield>
   <subfield code="0">(DE-588)4177425-5</subfield>
   <subfield code="0">(DE-627)104141158</subfield>
   <subfield code="0">(DE-576)209977590</subfield>
   <subfield code="a">Regionalisierung</subfield>
   <subfield code="2">gnd</subfield>
  </datafield>
  <datafield tag="689" ind1="0" ind2="3">
   <subfield code="a">z</subfield>
   <subfield code="2">gnd</subfield>
   <subfield code="a">Geschichte</subfield>
  </datafield>
  <datafield tag="689" ind1="0" ind2=" ">
   <subfield code="5">DE-101</subfield>
  </datafield>
  <datafield tag="689" ind1="1" ind2="0">
   <subfield code="d">g</subfield>
   <subfield code="0">(DE-588)4048263-7</subfield>
   <subfield code="0">(DE-627)106191624</subfield>
   <subfield code="0">(DE-576)209076844</subfield>
   <subfield code="a">Rätien</subfield>
   <subfield code="2">gnd</subfield>
  </datafield>
  <datafield tag="689" ind1="1" ind2="1">
   <subfield code="d">s</subfield>
   <subfield code="0">(DE-588)4076769-3</subfield>
   <subfield code="0">(DE-627)104826169</subfield>
   <subfield code="0">(DE-576)209202866</subfield>
   <subfield code="a">Römerzeit</subfield>
   <subfield code="2">gnd</subfield>
  </datafield>
  <datafield tag="689" ind1="1" ind2="2">
   <subfield code="d">s</subfield>
   <subfield code="0">(DE-588)4177425-5</subfield>
   <subfield code="0">(DE-627)104141158</subfield>
   <subfield code="0">(DE-576)209977590</subfield>
   <subfield code="a">Regionalisierung</subfield>
   <subfield code="2">gnd</subfield>
  </datafield>
  <datafield tag="689" ind1="1" ind2="3">
   <subfield code="a">z</subfield>
   <subfield code="2">gnd</subfield>
   <subfield code="a">Geschichte</subfield>
  </datafield>
  <datafield tag="689" ind1="1" ind2=" ">
   <subfield code="5">DE-101</subfield>
  </datafield>
  <datafield tag="689" ind1="2" ind2="0">
   <subfield code="d">g</subfield>
   <subfield code="0">(DE-588)4042608-7</subfield>
   <subfield code="0">(DE-627)106213431</subfield>
   <subfield code="0">(DE-576)209051612</subfield>
   <subfield code="a">Noricum</subfield>
   <subfield code="2">gnd</subfield>
  </datafield>
  <datafield tag="689" ind1="2" ind2="1">
   <subfield code="d">s</subfield>
   <subfield code="0">(DE-588)4076769-3</subfield>
   <subfield code="0">(DE-627)104826169</subfield>
   <subfield code="0">(DE-576)209202866</subfield>
   <subfield code="a">Römerzeit</subfield>
   <subfield code="2">gnd</subfield>
  </datafield>
  <datafield tag="689" ind1="2" ind2="2">
   <subfield code="d">s</subfield>
   <subfield code="0">(DE-588)4177425-5</subfield>
   <subfield code="0">(DE-627)104141158</subfield>
   <subfield code="0">(DE-576)209977590</subfield>
   <subfield code="a">Regionalisierung</subfield>
   <subfield code="2">gnd</subfield>
  </datafield>
  <datafield tag="689" ind1="2" ind2="3">
   <subfield code="a">z</subfield>
   <subfield code="2">gnd</subfield>
   <subfield code="a">Geschichte</subfield>
  </datafield>
  <datafield tag="689" ind1="2" ind2=" ">
   <subfield code="5">DE-101</subfield>
  </datafield>
  <datafield tag="689" ind1="3" ind2="0">
   <subfield code="d">g</subfield>
   <subfield code="0">(DE-588)4044473-9</subfield>
   <subfield code="0">(DE-627)106205285</subfield>
   <subfield code="0">(DE-576)209061146</subfield>
   <subfield code="a">Pannonien</subfield>
   <subfield code="2">gnd</subfield>
  </datafield>
  <datafield tag="689" ind1="3" ind2="1">
   <subfield code="d">s</subfield>
   <subfield code="0">(DE-588)4076769-3</subfield>
   <subfield code="0">(DE-627)104826169</subfield>
   <subfield code="0">(DE-576)209202866</subfield>
   <subfield code="a">Römerzeit</subfield>
   <subfield code="2">gnd</subfield>
  </datafield>
  <datafield tag="689" ind1="3" ind2="2">
   <subfield code="d">s</subfield>
   <subfield code="0">(DE-588)4177425-5</subfield>
   <subfield code="0">(DE-627)104141158</subfield>
   <subfield code="0">(DE-576)209977590</subfield>
   <subfield code="a">Regionalisierung</subfield>
   <subfield code="2">gnd</subfield>
  </datafield>
  <datafield tag="689" ind1="3" ind2="3">
   <subfield code="a">z</subfield>
   <subfield code="2">gnd</subfield>
   <subfield code="a">Geschichte</subfield>
  </datafield>
  <datafield tag="689" ind1="3" ind2=" ">
   <subfield code="5">DE-101</subfield>
  </datafield>
  <datafield tag="689" ind1="4" ind2="0">
   <subfield code="d">g</subfield>
   <subfield code="0">(DE-588)4076778-4</subfield>
   <subfield code="0">(DE-627)106082094</subfield>
   <subfield code="0">(DE-576)209202882</subfield>
   <subfield code="a">Römisches Reich</subfield>
   <subfield code="2">gnd</subfield>
  </datafield>
  <datafield tag="689" ind1="4" ind2="1">
   <subfield code="d">s</subfield>
   <subfield code="0">(DE-588)4048590-0</subfield>
   <subfield code="0">(DE-627)106190164</subfield>
   <subfield code="0">(DE-576)209078537</subfield>
   <subfield code="a">Raumordnung</subfield>
   <subfield code="2">gnd</subfield>
  </datafield>
  <datafield tag="689" ind1="4" ind2=" ">
   <subfield code="5">DE-101</subfield>
  </datafield>
  <datafield tag="700" ind1="1" ind2=" ">
   <subfield code="a">Gottlieb, Gunther</subfield>
   <subfield code="d">1935-</subfield>
   <subfield code="e">VerfasserIn</subfield>
   <subfield code="0">(DE-588)11566887X</subfield>
   <subfield code="0">(DE-627)077395042</subfield>
   <subfield code="0">(DE-576)212531204</subfield>
   <subfield code="4">aut</subfield>
  </datafield>
  <datafield tag="710" ind1="2" ind2=" ">
   <subfield code="a">Universität Augsburg</subfield>
   <subfield code="0">(DE-588)7871-2</subfield>
   <subfield code="0">(DE-627)100233015</subfield>
   <subfield code="0">(DE-576)190189096</subfield>
   <subfield code="4">oth</subfield>
  </datafield>
  <datafield tag="711" ind1="2" ind2=" ">
   <subfield code="a">Kolloquium anlässlich der Zweitausend-Jahr-Feier der Stadt Augsburg</subfield>
   <subfield code="d">1985</subfield>
   <subfield code="0">(DE-588)2104607-4</subfield>
   <subfield code="0">(DE-627)101037848</subfield>
   <subfield code="0">(DE-576)193266814</subfield>
   <subfield code="4">oth</subfield>
  </datafield>
  <datafield tag="787" ind1="0" ind2="8">
   <subfield code="i">Rezension</subfield>
   <subfield code="a">Schwarcz, Andreas, 1952 - </subfield>
   <subfield code="t">[Rezension von: Raumordnung im Römischen Reich, zur regionalen Gliederung in den gallischen Provinzen, in Rätien, Noricum und Pannonien, Kolloquium an der Universität Augsburg anläßlich der 2000-Jahr-Feier der Stadt Augsburg vom 28. bis 29. Oktober 1985, hrsg. von Gunther Gottlieb]</subfield>
   <subfield code="d">1992</subfield>
   <subfield code="w">(DE-627)642637784</subfield>
  </datafield>
  <datafield tag="787" ind1="0" ind2="8">
   <subfield code="i">Rezensiert in</subfield>
   <subfield code="a">Schwarcz, Andreas, 1952 - </subfield>
   <subfield code="t">[Rezension von: Gunther Gottlieb (Hrsg.), Raumordnungen im Römischen Reich. Kolloquium an der Universität Augsburg anläßlich der 2000-Jahr-Feier der Stadt Augsburg vom 28. bis 29. Oktober 1985]</subfield>
   <subfield code="d">Sigmaringen : Jan Thorbecke Verlag, 1992</subfield>
   <subfield code="w">(DE-627)1588157792</subfield>
   <subfield code="w">(DE-576)518157792</subfield>
  </datafield>
  <datafield tag="787" ind1="0" ind2="8">
   <subfield code="i">Rezensiert in</subfield>
   <subfield code="a">Frey, Martin</subfield>
   <subfield code="t">[Rezension von: Gunther Gottlieb (Hrsg.), Raumordnung im Römischen Reich]</subfield>
   <subfield code="d">1992</subfield>
   <subfield code="w">(DE-627)1897883080</subfield>
  </datafield>
  <datafield tag="810" ind1="2" ind2=" ">
   <subfield code="a">Universität Augsburg</subfield>
   <subfield code="t">Schriften der Philosophischen Fakultäten der Universität Augsburg</subfield>
   <subfield code="v">38 : Historisch-sozialwissenschaftliche Reihe</subfield>
   <subfield code="9">38</subfield>
   <subfield code="w">(DE-627)130303747</subfield>
   <subfield code="w">(DE-576)007214324</subfield>
   <subfield code="w">(DE-600)583409-0</subfield>
   <subfield code="x">0933-7121</subfield>
   <subfield code="7">ns</subfield>
  </datafield>
  <datafield tag="856" ind1="4" ind2="2">
   <subfield code="u">http://d-nb.info/890877874/04</subfield>
   <subfield code="m">B:DE-101</subfield>
   <subfield code="q">pdf/application</subfield>
   <subfield code="v">20161127003401</subfield>
   <subfield code="x">Verlag</subfield>
   <subfield code="3">Inhaltsverzeichnis</subfield>
  </datafield>
  <datafield tag="889" ind1=" " ind2=" ">
   <subfield code="w">(DE-627)153619171</subfield>
  </datafield>
  <datafield tag="935" ind1=" " ind2=" ">
   <subfield code="i">mdedup</subfield>
  </datafield>
  <datafield tag="935" ind1=" " ind2=" ">
   <subfield code="i">Blocktest</subfield>
  </datafield>
  <datafield tag="936" ind1="r" ind2="v">
   <subfield code="a">NH 8450</subfield>
   <subfield code="b">Rechtsgeschichte</subfield>
   <subfield code="k">Geschichte</subfield>
   <subfield code="k">Griechisch-römische Geschichte</subfield>
   <subfield code="k">Römische Geschichte</subfield>
   <subfield code="k">Teilbereiche der römischen Geschichte</subfield>
   <subfield code="k">Rechtsgeschichte</subfield>
   <subfield code="0">(DE-627)1270989502</subfield>
   <subfield code="0">(DE-625)rvk/125812:</subfield>
   <subfield code="0">(DE-576)200989502</subfield>
  </datafield>
  <datafield tag="936" ind1="r" ind2="v">
   <subfield code="a">NH 7701</subfield>
   <subfield code="b">Allgemeines</subfield>
   <subfield code="k">Geschichte</subfield>
   <subfield code="k">Griechisch-römische Geschichte</subfield>
   <subfield code="k">Römische Geschichte</subfield>
   <subfield code="k">Regionalgeschichte des Römischen Reiches</subfield>
   <subfield code="k">Römisches Reich insgesamt</subfield>
   <subfield code="k">Allgemeines</subfield>
   <subfield code="0">(DE-627)1271456648</subfield>
   <subfield code="0">(DE-625)rvk/125782:12245</subfield>
   <subfield code="0">(DE-576)201456648</subfield>
  </datafield>
  <datafield tag="936" ind1="r" ind2="v">
   <subfield code="a">NF 1060</subfield>
   <subfield code="b">Kongressberichte</subfield>
   <subfield code="k">Geschichte</subfield>
   <subfield code="k">Ur- und Frühgeschichte / Prähistorische Archäologie</subfield>
   <subfield code="k">Allgemeines</subfield>
   <subfield code="k">Kongressberichte</subfield>
   <subfield code="0">(DE-627)1271449587</subfield>
   <subfield code="0">(DE-625)rvk/125187:</subfield>
   <subfield code="0">(DE-576)201449587</subfield>
  </datafield>
  <datafield tag="936" ind1="b" ind2="k">
   <subfield code="a">15.28</subfield>
   <subfield code="j">Römisches Reich</subfield>
   <subfield code="0">(DE-627)106405128</subfield>
  </datafield>
  <datafield tag="936" ind1="b" ind2="k">
   <subfield code="a">15.19</subfield>
   <subfield code="j">Vor- und Frühgeschichte</subfield>
   <subfield code="q">coli-conc RVK-&gt;BK</subfield>
   <subfield code="q">https://coli-conc.gbv.de/api/mappings/75cc445c-571d-40a5-a765-030d7671b9ad</subfield>
   <subfield code="0">(DE-627)10640329X</subfield>
  </datafield>
  <datafield tag="951" ind1=" " ind2=" ">
   <subfield code="a">BO</subfield>
  </datafield>
  <datafield tag="990" ind1=" " ind2=" ">
   <subfield code="a">Gallien</subfield>
  </datafield>
  <datafield tag="990" ind1=" " ind2=" ">
   <subfield code="a">Römerzeit</subfield>
  </datafield>
  <datafield tag="990" ind1=" " ind2=" ">
   <subfield code="a">Regionalisierung</subfield>
  </datafield>
  <datafield tag="990" ind1=" " ind2=" ">
   <subfield code="a">Geschichte</subfield>
  </datafield>
  <datafield tag="990" ind1=" " ind2=" ">
   <subfield code="a">Rätien</subfield>
  </datafield>
  <datafield tag="990" ind1=" " ind2=" ">
   <subfield code="a">Römerzeit</subfield>
  </datafield>
  <datafield tag="990" ind1=" " ind2=" ">
   <subfield code="a">Regionalisierung</subfield>
  </datafield>
  <datafield tag="990" ind1=" " ind2=" ">
   <subfield code="a">Geschichte</subfield>
  </datafield>
  <datafield tag="990" ind1=" " ind2=" ">
   <subfield code="a">Noricum</subfield>
  </datafield>
  <datafield tag="990" ind1=" " ind2=" ">
   <subfield code="a">Römerzeit</subfield>
  </datafield>
  <datafield tag="990" ind1=" " ind2=" ">
   <subfield code="a">Regionalisierung</subfield>
  </datafield>
  <datafield tag="990" ind1=" " ind2=" ">
   <subfield code="a">Geschichte</subfield>
  </datafield>
  <datafield tag="990" ind1=" " ind2=" ">
   <subfield code="a">Pannonien</subfield>
  </datafield>
  <datafield tag="990" ind1=" " ind2=" ">
   <subfield code="a">Römerzeit</subfield>
  </datafield>
  <datafield tag="990" ind1=" " ind2=" ">
   <subfield code="a">Regionalisierung</subfield>
  </datafield>
  <datafield tag="990" ind1=" " ind2=" ">
   <subfield code="a">Geschichte</subfield>
  </datafield>
  <datafield tag="990" ind1=" " ind2=" ">
   <subfield code="a">Römisches Reich</subfield>
  </datafield>
  <datafield tag="990" ind1=" " ind2=" ">
   <subfield code="a">Raumordnung</subfield>
  </datafield>
  <datafield tag="991" ind1=" " ind2=" ">
   <subfield code="a">Rezensiertes Werk</subfield>
  </datafield>
  <datafield tag="999" ind1=" " ind2=" ">
   <subfield code="a">KXP-PPN025341995</subfield>
   <subfield code="e">4581949920</subfield>
  </datafield>
 </record>
</collection>
